000 00517nam a2200169 a 4500
001 000047667
005 20201002060651.0
008 180716s1978 dr 000 0 spa d
040 _aDO-SdBNP
_bspa
_cBNPHU
082 _axx
_bxx
110 2 _aRepública Dominicana.
_9447
240 0 _a[Leyes, etc.]
245 1 0 _aLey de registro de tierras con sus modificaciones.
260 _aSanto Domingo,República Dominicana :
_bPublicaciones América,
_c1978.
300 _a116 p. ;
_c20 cm.
590 _aInventariado, 2019/VM
999 _c47155
_d47155